00409 a2200145 4500010001400000020002300014035001300037037001500050082000600065100002100071245004500092260003200137270007200169300002200241 aENG-89969 c295.00a8190475341 aEN-73502 bDBAD / PUB14aN1 aNarasimhan, Raji 1aAtonement:cby Raji Narasimhanba novel/ aNew DelhibRead Booksc2008 aG-31, Commercial Complex Sheikh Sarai, Phase-I,bNew Delhie110 017 a142p.c22cm (Hb)